000
00226nam a22000857a 4500
008
160916b xxu||||| |||| 00| 0 eng d
100
_9
600
_a
Purang.Y.P.etal
245
_a
Science for Us-6
260
_a
New Delhi
_b
APC Publications
_c
2012
999
_c
3258
_d
3258